Odd But True Facts XVIII Quiz Stats

 Plays Quiz Updated May 22, 2018

Support Sporcle.
Go Orange.
Score 0/28 Timer 07:00
0 Plays Today
% Correct
their forearms
94%
their taxes
85.5%
at least twenty songs
85.2%
their destination
84.9%
wipe his bottom
82.5%
a box
82.5%
Snow White and the Seven Dwarfs
81.9%
shops for mice
81.5%
the Trevi Fountain
81.4%
make the peace sign
81%
strawberries
81%
a country called New Zealand
80.9%
double vision
80.7%
the same day
79.4%
% Correct
a prison
78.7%
George Harrison
77.8%
The Mickey Mouse Club
77.5%
Thomas Edison
75.9%
The Playboy Mansion
72.7%
an ant's bottom
70.2%
Honolulu
69.2%
marry
66.5%
a dog
66.1%
corrugated
64.3%
the same bed
62.8%
an unwanted gift
56.8%
translation
47.8%
tossing a coin
40.8%

You're not logged in!

Compare scores with friends on all Sporcle quizzes.
OR
Log In

From the Vault

What Movie? Back to the Camera XXV

by Larryholmes79

The cool kids don't look at the camera.
Remove Ads.
Support Sporcle.
Get the best of Sporcle when you Go Orange. This ad-free experience offers more features, more stats, and more fun while also helping to support Sporcle. Thank you for becoming a member.

Show Comments

Extras

Top Quizzes Today


Score Distribution

Your Account Isn't Verified!

In order to create a playlist on Sporcle, you need to verify the email address you used during registration. Go to your Sporcle Settings to finish the process.

Report this User

Report this user for behavior that violates our Community Guidelines.

Details: